[Event "17.Città di Padova Open A"]
[Site "Padova"]
[Date "2014.12.18"]
[Round "6.20"]
[White "Fregonese, Giulio"]
[Black "Damia, Angelo"]
[Result "1/2-1/2"]
[WhiteElo "2129"]
[BlackElo "2177"]
[Annotator "Gabriele Ballarin"]
[PlyCount "109"]
[EventDate "2014.12.14"]
[EventType "swiss"]
[EventRounds "9"]
[EventCountry "ITA"]

1. e4 c6 2. d4 d5 3. e5 c5 4. Nf3 Bg4 5. dxc5 Nc6 6. Be3 d4 7. e6 fxe6 8. Bg5 Qd5 9. Nbd2 Nf6 10. Bc4 Qxc5 11. Qe2 e5 12. Bd3 Qa5 13. O-O e4 14. Bxe4 Qxg5 15. Qc4 Na5 16. Qa4+ Bd7 17. Qxd7+ Kxd7 18. Nxg5 Nxe4 19. Ndxe4 Rc8 20. Rac1 g6 21. f4 Nc4 22. Rf2 Bg7 23. Rd1 Nxb2 24. Rb1 d3 25. c3 Na4 26. Rd2 b6 27. Rxd3+ Ke8 28. Rc1 Nb2 29. Rd5 h6 30. Ne6 Rg8 31. Nxg7+ Rxg7 32. Re1 Nc4 33. Rd4 Kf8 34. g3 $11 b5 35. Rb1 a6 36. a4 bxa4 37. Rb4 Ne3 38. Rxa4 Rc6 39. Rd8+ Kf7 40. Ra8 Nd5 41. R8xa6 Nxc3 42. Rxc6 Nxa4 43. Kf2 Rg8 44. h4 Nb2 45. Ke2 Rh8 46. Rc2 Rb8 47. Rc6 Rb4 48. Nd2 Rd4 49. Nf3 Rd6 50. Ne5+ Kg7 51. Rc7 Re6 52. Kf3 g5 53. hxg5 hxg5 54. Rc5 gxf4 55. gxf4 $11 1/2-1/2

[Event "17.Città di Padova Open A"]
[Site "Padova"]
[Date "2014.12.18"]
[Round "6.21"]
[White "Santeramo, Alessia Carmen"]
[Black "Santolini, Luigi"]
[Result "1/2-1/2"]
[WhiteElo "2203"]
[BlackElo "2117"]
[Annotator "Gabriele Ballarin"]
[PlyCount "71"]
[EventDate "2014.12.14"]
[EventType "swiss"]
[EventRounds "9"]
[EventCountry "ITA"]

1. e4 e6 2. d4 d5 3. Nc3 Nf6 4. Bg5 Bb4 5. e5 h6 6. Bd2 Bxc3 7. bxc3 Ne4 8. Qg4 g6 9. Bd3 Nxd2 10. Kxd2 c5 11. Nf3 Bd7 12. Rhb1 Bc6 13. h4 Qe7 14. Qf4 c4 15. Be2 Nd7 16. a4 a5 17. Nh2 g5 18. Qg4 O-O-O 19. Nf3 f5 20. Qg3 g4 21. Ng1 Rdf8 22. Bd1 Rhg8 23. Ne2 Kc7 24. Nf4 Re8 25. Ra2 Ref8 26. Qe3 Nb6 27. Rba1 Qe8 28. g3 h5 29. Ke1 Kc8 30. Qc1 Kd7 $11 31. Qa3 Nc8 32. Rb1 b6 33. Kd2 Rh8 34. Rab2 Rfg8 35. Ke1 Qe7 36. Ra2 $11 1/2-1/2

[Event "17.Città di Padova Open A"]
[Site "Padova"]
[Date "2014.12.18"]
[Round "6.22"]
[White "Lantini, Marco"]
[Black "Sonis, Francesco"]
[Result "1/2-1/2"]
[WhiteElo "2057"]
[BlackElo "2206"]
[Annotator "Gabriele Ballarin"]
[PlyCount "119"]
[EventDate "2014.12.14"]
[EventType "swiss"]
[EventRounds "9"]
[EventCountry "ITA"]

1. d4 Nf6 2. Nf3 c5 3. e3 g6 4. dxc5 Bg7 5. a3 a5 6. Nc3 O-O 7. Rb1 Na6 8. Bxa6 bxa6 9. O-O Bb7 10. Re1 Qc7 11. b4 axb4 12. axb4 d6 13. e4 dxc5 14. bxc5 Nd7 15. Nd5 Bxd5 16. Qxd5 Nxc5 17. Ba3 Rac8 18. Qc4 $11 Ne6 19. Qxc7 Rxc7 20. e5 Ra8 21. g3 a5 22. Kg2 a4 23. Rb2 h6 24. Re4 Kh7 25. Ra2 Bf8 26. Bc1 Rca7 27. Be3 Ra5 28. Bd2 R5a6 29. Ra3 Nc7 30. Bb4 Nd5 31. c3 Nxb4 32. cxb4 e6 33. Ne1 Rb6 34. Nd3 g5 35. Nc5 Kg6 36. Nd7 Rba6 37. Nxf8+ Rxf8 38. b5 Rb6 39. Rb4 Ra8 40. g4 Ra5 41. Raxa4 Rbxb5 42. Rxa5 Rxa5 43. Re4 Kg7 44. Re3 Kf8 45. Kg3 Ke7 46. h4 Kd7 47. Rf3 Kc6 48. h5 Ra7 49. Rf6 Kd5 50. Rxh6 Kxe5 51. Rh8 Ra3+ 52. f3 Ra1 53. Rg8 f6 54. Rg7 Ra8 55. Rb7 f5 56. Rb5+ Kf6 57. gxf5 exf5 58. Rb6+ Kf7 59. Rb7+ Kf6 60. Rb6+ 1/2-1/2

[Event "17.Città di Padova Open A"]
[Site "Padova"]
[Date "2014.12.18"]
[Round "6.23"]
[White "Krumm, Johannes"]
[Black "Andreoni, Giuseppe"]
[Result "0-1"]
[WhiteElo "2014"]
[BlackElo "2179"]
[Annotator "Gabriele Ballarin"]
[PlyCount "79"]
[EventDate "2014.12.14"]
[EventType "swiss"]
[EventRounds "9"]
[EventCountry "ITA"]

1. e4 c5 2. Nf3 d6 3. Bb5+ Nd7 4. c3 Ngf6 5. Qe2 Qc7 6. O-O a6 7. Ba4 e6 8. d4 Be7 9. h3 O-O 10. Bf4 Rd8 11. Nbd2 Nf8 12. dxc5 Qxc5 13. Be3 Qc7 14. c4 b6 15. Rac1 Bb7 16. Bc2 e5 17. b4 Ne6 18. a3 Nh5 19. g3 a5 20. Nb1 axb4 21. axb4 Rdc8 22. Nfd2 Nhf4 23. gxf4 exf4 24. Nc3 fxe3 25. Qxe3 Bg5 26. f4 Bf6 27. e5 dxe5 28. Nd5 Bxd5 29. cxd5 exf4 30. Bxh7+ Kh8 31. Qd3 Qxc1 32. Rxc1 Rxc1+ 33. Nf1 Ng5 34. Bf5 Raa1 35. Qb5 Rxf1+ 36. Kg2 g6 37. Qxb6 Kg7 38. Bg4 Rfb1 39. Be2 Rb2 40. Qe3 0-1

[Event "17.Città di Padova Open A"]
[Site "Padova"]
[Date "2014.12.18"]
[Round "6.24"]
[White "Karkovic, Mate"]
[Black "Movileanu, Daniela"]
[Result "0-1"]
[WhiteElo "1999"]
[BlackElo "2145"]
[Annotator "Gabriele Ballarin"]
[PlyCount "56"]
[EventDate "2014.12.14"]
[EventType "swiss"]
[EventRounds "9"]
[EventCountry "ITA"]

1. d4 Nf6 2. c4 g6 3. Nf3 Bg7 4. g3 d5 5. Bg2 dxc4 6. Ne5 O-O 7. O-O c6 8. Na3 Be6 9. Re1 Nbd7 10. Naxc4 Nxe5 11. Nxe5 Qb6 12. e4 Rfd8 13. Be3 Nxe4 14. d5 Qb5 15. dxe6 Rxd1 16. Raxd1 Bxe5 17. Bxe4 fxe6 18. b3 Qa5 19. a4 Bc3 20. Rf1 Rd8 21. Bh6 Bd2 22. b4 Bxb4 23. Rxd8+ Qxd8 24. Bc2 Bc3 25. Bb3 Kf7 26. Rd1 Qb6 27. Rd3 Qxb3 28. Rf3+ Ke8 0-1

[Event "17.Città di Padova Open A"]
[Site "Padova"]
[Date "2014.12.18"]
[Round "6.25"]
[White "Goossens, Hanne"]
[Black "Gallo, Enrico"]
[Result "1-0"]
[WhiteElo "2090"]
[BlackElo "1982"]
[Annotator "Gabriele Ballarin"]
[PlyCount "61"]
[EventDate "2014.12.14"]
[EventType "swiss"]
[EventRounds "9"]
[EventCountry "ITA"]

1. e4 e6 2. d4 d5 3. Nd2 Nf6 4. e5 Nfd7 5. c3 c5 6. Bd3 Nc6 7. Ne2 cxd4 8. cxd4 f6 9. exf6 Nxf6 10. Nf3 Bd6 11. O-O Qc7 12. Bd2 O-O 13. Rc1 Ng4 14. Ng3 g6 15. Qb3 Qg7 16. Be2 a5 17. Rcd1 a4 18. Qc2 Bd7 19. a3 Bf4 20. Bxf4 Rxf4 21. h3 Nh6 22. Qd2 Raf8 23. Qe3 Qf6 24. Bb5 Nf7 25. Bxa4 Nxd4 26. Rxd4 Rxd4 27. Bxd7 Rf4 28. Bxe6 d4 29. Bxf7+ Rxf7 30. Qd3 Qc6 31. Ne5 1-0

[Event "17.Città di Padova Open A"]
[Site "Padova"]
[Date "2014.12.18"]
[Round "6.26"]
[White "Pacini, Ermanno"]
[Black "Vizireanu, Dragos"]
[Result "1-0"]
[WhiteElo "2059"]
[BlackElo "1858"]
[Annotator "Gabriele Ballarin"]
[PlyCount "57"]
[EventDate "2014.12.14"]
[EventType "swiss"]
[EventRounds "9"]
[EventCountry "ITA"]

1. e4 e5 2. Nf3 Nc6 3. d4 exd4 4. Nxd4 d6 5. Nc3 g6 6. Be3 Bg7 7. Qd2 Be6 8. Nxe6 fxe6 9. O-O-O Nge7 10. h4 Qd7 11. g3 O-O-O 12. Bh3 Kb8 13. Nd5 Nc8 14. Bg5 Qf7 15. Bxd8 Rxd8 16. Nf4 Re8 17. Kb1 Bh6 18. h5 gxh5 19. Qe2 Bxf4 20. gxf4 Qxf4 21. Qxh5 Re7 22. Qe2 Nb6 23. Rdg1 a6 24. Rg4 Qe5 25. f4 Qc5 26. Rg5 Qd4 27. Qd3 Qf6 28. Qe3 Nc4 29. Rg8+ 1-0

[Event "17.Città di Padova Open A"]
[Site "Padova"]
[Date "2014.12.18"]
[Round "6.27"]
[White "Polese, Marco"]
[Black "Viaggi, Stefano"]
[Result "1/2-1/2"]
[WhiteElo "1897"]
[BlackElo "2058"]
[Annotator "Gabriele Ballarin"]
[PlyCount "49"]
[EventDate "2014.12.14"]
[EventType "swiss"]
[EventRounds "9"]
[EventCountry "ITA"]

1. c4 e5 2. g3 Nc6 3. Bg2 Bc5 4. e3 d6 5. a3 a5 6. Ne2 Nf6 7. O-O O-O 8. b3 Bf5 9. d4 exd4 10. Nxd4 Be4 11. f3 Bg6 12. Nc3 Re8 13. Nce2 Nxd4 14. exd4 Rxe2 15. dxc5 Qe7 16. cxd6 cxd6 17. Bf4 Bc2 18. Qxd6 Bxb3 19. Qxe7 Rxe7 20. Rac1 h6 21. Rf2 Rae8 22. Bd2 a4 23. Bf1 Rc7 24. Bf4 Rce7 25. Bd2 1/2-1/2

[Event "17.Città di Padova Open A"]
[Site "Padova"]
[Date "2014.12.18"]
[Round "6.28"]
[White "Mileto, Gabriele"]
[Black "Baschirotto, Marco Dante"]
[Result "1-0"]
[WhiteElo "2175"]
[BlackElo "1903"]
[Annotator "Gabriele Ballarin"]
[PlyCount "81"]
[EventDate "2014.12.14"]
[EventType "swiss"]
[EventRounds "9"]
[EventCountry "ITA"]

1. c4 Nf6 2. g3 c5 3. Bg2 Nc6 4. Nc3 g6 5. Nf3 Bg7 6. d4 cxd4 7. Nxd4 O-O 8. O-O Nxd4 9. Qxd4 d6 10. Qd3 Rb8 11. c5 Ne8 12. Rd1 Bd7 13. Be3 Bc6 14. cxd6 Nxd6 15. Bxa7 Rc8 16. Bd4 Bxg2 17. Bxg7 Kxg7 18. Qd4+ Kg8 19. Kxg2 Qa5 20. Nd5 Rfe8 21. Qe5 Qd8 22. Rac1 Rc6 23. e3 Qd7 24. Rxc6 Qxc6 25. Kg1 Nc8 26. Qd4 e5 27. Qc3 Re6 28. Qxc6 Rxc6 29. Nb4 Rc5 30. Rd7 Nb6 31. Rxb7 Nc4 32. b3 Nd2 33. Kg2 e4 34. g4 Nf3 35. Re7 f5 36. gxf5 gxf5 37. Kg3 h5 38. Rd7 h4+ 39. Kf4 Ne5 40. Rd5 Nd3+ 41. Kxf5 1-0

[Event "17.Città di Padova Open A"]
[Site "Padova"]
[Date "2014.12.18"]
[Round "6.29"]
[White "Quaranta, Cristiano"]
[Black "Desideri, Alessandro"]
[Result "1-0"]
[WhiteElo "2169"]
[BlackElo "1834"]
[Annotator "Gabriele Ballarin"]
[PlyCount "57"]
[EventDate "2014.12.14"]
[EventType "swiss"]
[EventRounds "9"]
[EventCountry "ITA"]

1. Nf3 f5 2. c4 Nf6 3. g3 e6 4. Bg2 d5 5. O-O Bd6 6. Nc3 O-O 7. d3 dxc4 8. dxc4 Nc6 9. Qb3 a6 10. Rd1 Qe8 11. a3 Qh5 12. Qa2 Bc5 13. b4 Ne4 14. Nxe4 fxe4 15. bxc5 exf3 16. Bxf3 Rxf3 17. exf3 Ne5 18. Qb3 Nxf3+ 19. Kg2 Bd7 20. Rxd7 Rf8 21. h4 Qg4 22. Bg5 Qe4 23. Kh3 h5 24. Qe3 Qg4+ 25. Kg2 Ne5 26. Rxg7+ Kh8 27. Bf6 Rxf6 28. Rxg4 Nxg4 29. Qd4 1-0

[Event "17.Città di Padova Open A"]
[Site "Padova"]
[Date "2014.12.18"]
[Round "6.30"]
[White "Di Lazzaro, Gabriele"]
[Black "Redo, Giorgio"]
[Result "1-0"]
[WhiteElo "1941"]
[BlackElo "2084"]
[Annotator "Gabriele Ballarin"]
[PlyCount "79"]
[EventDate "2014.12.14"]
[EventType "swiss"]
[EventRounds "9"]
[EventCountry "ITA"]

1. d4 c5 2. d5 e5 3. e4 d6 4. Nf3 Nf6 5. Nc3 g6 6. Be2 Bg7 7. O-O O-O 8. a4 b6 9. Bg5 h6 10. Bd2 a6 11. b3 Nh5 12. Ne1 Nf4 13. Nd3 Nd7 14. Rc1 g5 15. Bg4 Nf6 16. Bxc8 Rxc8 17. Nxf4 exf4 18. f3 Re8 19. Ne2 Nd7 20. g3 fxg3 21. Nxg3 c4 22. Nf5 c3 23. Be3 Ne5 24. Qe2 a5 25. Kh1 Bf8 26. Rg1 Ng6 27. Rg3 Qf6 28. Rcg1 Nf4 29. Qf2 Nh5 30. Rh3 Qg6 31. Nh4 Qg7 32. Bd4 f6 33. Nf5 Qg6 34. Be3 Kh7 35. Qg2 Qf7 36. Qg4 Nf4 37. Bxf4 gxf4 38. Qxf4 h5 39. Qg4 Bh6 40. Rxh5 1-0

[Event "17.Città di Padova Open A"]
[Site "Padova"]
[Date "2014.12.18"]
[Round "6.31"]
[White "Benetti, Lorenzo"]
[Black "Messina, Roberta"]
[Result "0-1"]
[WhiteElo "1854"]
[BlackElo "2033"]
[Annotator "Gabriele Ballarin"]
[PlyCount "54"]
[EventDate "2014.12.14"]
[EventType "swiss"]
[EventRounds "9"]
[EventCountry "ITA"]

1. d4 d5 2. c4 e6 3. Nc3 c6 4. cxd5 exd5 5. Nf3 Nf6 6. Bg5 Be7 7. Qc2 O-O 8. e3 Re8 9. Bd3 h6 10. Bf4 Nbd7 11. O-O Nf8 12. Nd2 Bd6 13. Bxd6 Qxd6 14. Rae1 Bg4 15. Nb3 Bh5 16. f3 Bg6 17. e4 dxe4 18. fxe4 Ng4 19. g3 Ne6 20. Ne2 Ne3 21. Qc3 Nxf1 22. e5 Qe7 23. Rxf1 Bxd3 24. Qxd3 Rad8 25. Qf5 c5 26. dxc5 Nxc5 27. Nxc5 Qxc5+ 0-1

[Event "17.Città di Padova Open A"]
[Site "Padova"]
[Date "2014.12.18"]
[Round "6.32"]
[White "Bergamasco, Tommaso"]
[Black "Hocevar, Nikola"]
[Result "1/2-1/2"]
[WhiteElo "2012"]
[BlackElo "1913"]
[Annotator "Gabriele Ballarin"]
[PlyCount "99"]
[EventDate "2014.12.14"]
[EventType "swiss"]
[EventRounds "9"]
[EventCountry "ITA"]

1. d4 d5 2. Nf3 Nf6 3. Bg5 Nbd7 4. e3 e6 5. Bd3 h6 6. Bh4 Be7 7. Nbd2 b6 8. c3 Bb7 9. O-O Ne4 10. Bxe7 Qxe7 11. Qc2 f5 12. c4 c5 13. cxd5 exd5 14. Bb5 O-O 15. Bxd7 Qxd7 16. Ne5 Qd6 17. f3 Nxd2 18. Qxd2 c4 19. a3 b5 20. Qb4 Qxb4 21. axb4 Rfd8 22. f4 Rd6 23. Kf2 a6 24. h3 Rf8 25. Ke2 Rff6 26. Rg1 Bc8 27. Raf1 h5 28. g3 Kf8 29. Kd2 Ke7 30. Rf2 Be6 31. Rfg2 Rh6 32. Rh2 Bc8 33. Rhg2 g6 34. Kc3 Kf6 35. Nf3 Re6 36. Kd2 Rd6 37. Kc3 Bd7 38. Ne5 Bc8 39. Nf3 Rh7 40. Rh2 Re7 41. Ne5 Ra7 42. Rhg2 Re7 43. Kd2 Rh7 44. Kc3 Re7 45. g4 fxg4 46. hxg4 hxg4 47. Rh2 Rd8 48. Kd2 Rg8 49. Rh4 Bf5 50. Nxg4+ 1/2-1/2